[Event "Drammen Konnerud Autumn-A"]
[Site "Drammen"]
[Date "2020.09.16"]
[Round "10"]
[White "Slettum, Karl Anker"]
[Black "Stenseng, Benjamin"]
[Result "0-1"]
[WhiteElo "1839"]
[BlackElo "1514"]
[PlyCount "60"]
[EventDate "2020.08.19"]
[EventType "tourn"]
[EventRounds "13"]
[EventCountry "NOR"]
[SourceTitle "EXT 2024"]
[Source "ChessBase"]
[SourceDate "2023.10.10"]
[SourceVersion "1"]
[SourceVersionDate "2023.10.10"]
[SourceQuality "1"]

1. e4 d5 2. exd5 Nf6 3. Nc3 Nxd5 4. Bc4 e6 5. Nf3 Be7 6. d4 0-0 7. Nxd5 exd5 8. Bd3 Bg4 9. h4 h5 10. Be3 Nd7 11. Qd2 c5 12. c3 cxd4 13. Nxd4 Ne5 14. Be2 Nc4 15. Bxc4 dxc4 16. f3 Bd7 17. 0-0-0 Qa5 18. Kb1 Rad8 19. Qf2 b5 20. g4 hxg4 21. fxg4 b4 22. cxb4 Bxb4 23. Nc2 c3 24. Bxa7 Be6 25. Nxb4 Qxb4 26. Bc5 Qe4+ 27. Ka1 Rd2 28. Qxd2 cxd2 29. Bxf8 Kxf8 30. Rb1 Qa4 0-1

[Event "Nova Gorica op 25th"]
[Site "Nova Gorica"]
[Date "2020.01.28"]
[Round "7"]
[White "Baidetsky, Valentin"]
[Black "Slettum, Karl Anker"]
[Result "1-0"]
[WhiteElo "2411"]
[BlackElo "1743"]
[PlyCount "46"]
[EventDate "2020.01.24"]
[EventType "swiss"]
[EventRounds "9"]
[EventCountry "SLO"]
[SourceTitle "CBM 194"]
[Source "ChessBase"]
[SourceDate "2020.02.29"]
[SourceVersion "1"]
[SourceVersionDate "2020.02.29"]
[SourceQuality "1"]

1. e4 e5 2. Nf3 Nc6 3. c3 Nf6 4. d3 d5 5. Nbd2 Be6 6. Be2 Qd7 7. Ng5 Be7 8. Nxe6 fxe6 9. 0-0 0-0-0 10. b4 Rdg8 11. b5 Nd8 12. Qa4 Kb8 13. Rb1 g5 14. Nb3 b6 15. exd5 Nxd5 16. Bd2 h5 17. c4 Nf4 18. Bxf4 exf4 19. c5 e5 20. Bf3 g4 21. Be4 f3 22. Rfc1 h4 23. Rc4 fxg2 1-0

[Event "Konnerud CC-ch"]
[Site "Konnerud"]
[Date "2019.01.23"]
[Round "2"]
[White "Slettum, Karl Anker"]
[Black "Stenseng, Benjamin"]
[Result "0-1"]
[WhiteElo "1793"]
[BlackElo "1490"]
[PlyCount "134"]
[EventDate "2019.01.16"]
[EventType "swiss"]
[EventRounds "9"]
[EventCountry "NOR"]
[SourceTitle "EXT 2024"]
[Source "ChessBase"]
[SourceDate "2023.10.10"]
[SourceVersion "1"]
[SourceVersionDate "2023.10.10"]
[SourceQuality "1"]

1. e4 d5 2. exd5 Nf6 3. Bb5+ Bd7 4. Bxd7+ Nbxd7 5. c4 Nc5 6. d4 Nce4 7. Ne2 e6 8. dxe6 Bb4+ 9. Bd2 Nxd2 10. Qa4+ c6 11. Qxb4 Nde4 12. exf7+ Kxf7 13. Qxb7+ Nd7 14. 0-0 Re8 15. Qb3 Rb8 16. Qf3+ Kg8 17. b3 Ndf6 18. Rd1 Ng5 19. Qd3 Rf8 20. Nbc3 Ng4 21. f3 Nh6 22. Ne4 Nf5 23. d5 cxd5 24. Nxg5 Qxg5 25. Qxd5+ Kh8 26. Qd2 Ne3 27. Ng3 Rbd8 28. Qe2 Nxd1 29. Rxd1 Rxd1+ 30. Qxd1 Rd8 31. Qe1 Qd2 32. Qe7 Qd1+ 33. Nf1 Qd4+ 34. Qe3 Qxe3+ 35. Nxe3 Rd2 36. Nd5 Kg8 37. a4 Kf7 38. Kf1 Ke6 39. Nf4+ Ke5 40. Ke1 Ra2 41. Nd3+ Kd4 42. Nf4 Kc3 43. Ne2+ Kb4 44. g4 Ra1+ 45. Kf2 Kxb3 46. c5 Rxa4 47. Ke3 Rc4 48. c6 Kb4 49. Nd4 a5 50. Kd3 Rc5 51. f4 a4 52. h4 a3 53. Nc2+ Ka4 54. Nxa3 Kxa3 55. Ke4 Rxc6 56. h5 Kb4 57. Kf5 g6+ 58. hxg6 hxg6+ 59. Kg5 Kc5 60. f5 gxf5 61. gxf5 Kd5 62. f6 Ke6 63. Kg6 Rc1 64. Kg7 Rg1+ 65. Kf8 Kxf6 66. Ke8 Rd1 67. Kf8 Rd8# 0-1